Inovačná politika štátov V4 diplomová práca

Na minha lista:
Detalhes bibliográficos
Autor principal: Rigó, Orsolya
Autor Corporativo: Fakulta medzinárodných vzťahov EU. Katedra medzinárodných ekonomických vzťahov a hospodárskej diplomacie
Outros Autores: Baculáková, Kristína, 1988-
Formato: Livro
Idioma:eslovaco
Publicado em: Bratislava 2019
Tags: Adicionar Tag
Sem tags, seja o primeiro a adicionar uma tag!

MARC

LEADER 00000nbm a2200000 4500
001 0255114
005 20190806134316.6
041 0 |a slo 
044 |a SK 
245 1 0 |a Inovačná politika štátov V4  |b diplomová práca  |c Orsolya Rigó ; školiteľ: Kristína Baculáková 
264 1 |a Bratislava  |c 2019 
300 |a 87 s. 
100 1 |a Rigó, Orsolya 
700 1 |a Baculáková, Kristína, 1988- 
710 2 |a Fakulta medzinárodných vzťahov EU. Katedra medzinárodných ekonomických vzťahov a hospodárskej diplomacie